000 00908nam a2200253 a 4500
001 000042145
005 20201002035952.0
008 131114s2012 pr 000 p spa d
020 _a9780984157143
040 _aDO-SdBNP
_bspa
_cBNPHU
082 _aPR861.44
_bR692r
100 1 _aRodríguez-Frese, Marcos
_d1941-
_969140
245 1 0 _aRedor :
_b(poesía reunida) /
_cMarcos Rodríguez-Frese ; editor Reynaldo Marcos Padua.
246 1 0 _aRedor
_bpoesía reunida: 1968-2005
260 _aSan Juan, Puerto Rico :
_bLos Libros de la Iguana,
_c2012.
300 _a205 p. ;
_c22 cm.
490 1 _aGuajana
500 _aIncluye datos biográficos del autor en la solapa de la contracubierta.
650 4 _aPoesía puertorriqueña
_91015
650 4 _aLiteratura puertorriqueña
_9250
700 1 2 _aPadua, Reynaldo Marcos
_eed.
_969131
830 0 _aGuajana
_955960
910 _aValidado. Control de calidad MFF
999 _c41634
_d41634